000 00381nam a22001457u 4500
008 130405s1968 xxu||||| |||| 00| 0 spa d
041 _aspa
100 1 _aAlthusser, Louis
_99490
245 0 0 _aLa Revolución Teórica de Marx
_cLouis Althusser
260 _aMéxico:
_bSiglo XXI,
_c1968
300 _a206 p.
_c;21 cm.
650 0 4 _aMetafísica
_913351
942 _cBK
001 96344
999 _c250195
_d250195